100 flores de los campos de Albacete : (Record no. 66821)
[ view plain ]
| 000 -LEADER | |
|---|---|
| campo de control de longitud fija | 01142nam a2200277 i 4500 |
| 001 - NÚMERO DE CONTROL | |
| campo de control | 66821 |
| 003 - IDENTIFICADOR DE NÚMERO DE CONTROL | |
| campo de control | ES-MaACL |
| 005 - FECHA Y HORA DE LA ÚLTIMA TRANSACCIÓN | |
| campo de control | 20230906165842.0 |
| 007 - CAMPO FIJO DE DESCRIPCIÓN FÍSICA--INFORMACIÓN GENERAL | |
| campo de control de longitud fija | t| |
| 008 - DATOS DE LONGITUD FIJA--INFORMACIÓN GENERAL | |
| campo de control de longitud fija | 040405s2003 sp ||||1| spa d |
| 020 ## - NÚMERO INTERNACIONAL ESTÁNDAR DEL LIBRO | |
| Número Internacional Estándar del Libro | 84-95394-49-4 |
| 080 ## - NÚMERO DE LA CLASIFICACIÓN DECIMAL UNIVERSAL | |
| Número de la Clasificación Decimal Universal | 581.9(460.288) |
| 245 00 - MENCIÓN DEL TÍTULO | |
| Título | 100 flores de los campos de Albacete : |
| Resto del título | guía divulgativa de cien especies de plantas comunes en los campos y orillas de caminos de Albacete / |
| Mención de responsabilidad, etc. | José Fajardo Rodríguez (coordinador) y participantes de la Universidad Popular de Albacete. |
| 246 3# - FORMA VARIANTE DEL TITULO | |
| Título propio/Titulo breve | Cien flores de los campos de Albacete |
| 260 ## - PUBLICACIÓN, DISTRIBUCIÓN, ETC. | |
| Lugar de publicación, distribución, etc. | Albacete : |
| Nombre del editor, distribuidor, etc. | Instituto de Estudios Albacetenses "Don Juan Manuel", |
| Fecha de publicación, distribución, etc. | 2003. |
| 300 ## - DESCRIPCIÓN FÍSICA | |
| Extensión | 119 p. : |
| Otras características físicas | il. col. ; |
| Dimensiones | 24 cm. |
| 490 1# - MENCIÓN DE SERIE | |
| Mención de serie | Serie I-Estudios ; |
| Designación de volumen o secuencia | 143 |
| 650 #4 - PUNTO DE ACCESO ADICIONAL DE MATERIA--TÉRMINO DE MATERIA | |
| Término de materia o nombre geográfico como elemento de entrada | Botánica- |
| Subdivisión geográfica | Albacete (Provincia) |
| 9 (RLIN) | 10611 |
| 650 #4 - PUNTO DE ACCESO ADICIONAL DE MATERIA--TÉRMINO DE MATERIA | |
| Término de materia o nombre geográfico como elemento de entrada | Flores silvestres- |
| Subdivisión geográfica | Albacete (Provincia)- |
| Subdivisión de forma | Guías. |
| 9 (RLIN) | 12911 |
| 700 1# - ENTRADA AGREGADA--NOMBRE PERSONAL | |
| Nombre de persona | Fajardo Rodríguez, José. |
| 9 (RLIN) | 48678 |
| 710 2# - ENTRADA AGREGADA--NOMBRE DE ENTIDAD CORPORATIVA | |
| Nombre de entidad corporativa o nombre de jurisdicción como elemento de entrada | Instituto de Estudios Albacetenses. |
| 9 (RLIN) | 4884 |
| 710 2# - ENTRADA AGREGADA--NOMBRE DE ENTIDAD CORPORATIVA | |
| Nombre de entidad corporativa o nombre de jurisdicción como elemento de entrada | Universidad Popular de Albacete. |
| 9 (RLIN) | 7454 |
| 830 1# - PUNTO DE ACCESO ADICIONAL DE SERIE-TÍTULO UNIFORME | |
| Título uniforme | Serie I-Estudios ; |
| Designación de volumen o secuencia | 143 |
| 9 (RLIN) | 179228 |
| 852 4# - LOCALIZACIÓN | |
| Ubicación | ES-MaACL |
| Número de control de estantería | L-27283 |
| Estatus retirado | Estado de pérdida | Estado de daño | No para préstamo | Biblioteca de origen | Biblioteca actual | Ubicación en estantería | Fecha de adquisición | Fuente de adquisición | Total de préstamos | Signatura topográfica completa | Código de barras | Visto por última vez | Precio de reemplazo | Tipo de ítem Koha |
|---|---|---|---|---|---|---|---|---|---|---|---|---|---|---|
| Biblioteca del Ateneo de Madrid | Biblioteca del Ateneo de Madrid | Depósito 2 | 17/01/2008 | L-27283 | 1069989 | 23/02/2023 | 23/02/2023 | Libro impreso |
